Kaleen - We Will Rave - Statistiken

Allgemein
  • Dieses Quiz wurde 11 mal gespielt
  • Das Durchschnittsergebnis liegt bei 186 aus 324
Antwortstatistiken
Strophe Textquiz % Korrekt
da,
100%
da
100%
ra-
100%
ram-
100%
rave
100%
rave)
100%
(Rave,
100%
rave,
100%
Rave
100%
the
100%
we
100%
We
100%
(We
100%
(We)
100%
[Chorus] When
100%
will
100%
a
67%
a-
67%
a..)
67%
and
67%
And
67%
be
67%
did
67%
I
67%
No
67%
no
67%
[Pre-Chorus] So
67%
but
50%
can't
50%
darkness
50%
Go,
50%
go,
50%
go
50%
hits
50%
it
50%
You
50%
about
33%
About
33%
again
33%
broken-
33%
dance
33%
dee-
33%
hearted
33%
just
33%
my
33%
one
33%
soul
33%
them
33%
thing
33%
where
33%
are
17%
cause
17%
cold,
17%
dum-
17%
end
17%
feel
17%
friend
17%
haunted
17%
hearts
17%
[Verse 1] Ice
17%
I'm
17%
is
17%
know
17%
knows
17%
never
17%
not
17%
oh,
17%
oh
17%
our
17%
pain
17%
running
17%
saved
17%
saved)
17%
this
17%
through
17%
veins
17%
your
17%
alone
0%
burning,
0%
demons
0%
everything
0%
forget
0%
head
0%
in
0%
let
0%
off
0%
only
0%
(Ooh)
0%
said
0%
see
0%
show,
0%
silhouettes
0%
they
0%
wanna
0%
won't
0%
(Yeah)
0%
Keine übereinstimmenden Quizze gefunden
Verteilung der Resultate
Anzahl Personen mit jedem Resultat
Perzentil nach korrekt beantworteten Fragen
Ihre Resultats-Entwicklung
Sie haben dieses Quiz noch nicht gespielt